000 00749cam a2200265u 4500
001 23590
003 BD-RjUL
005 20211209000940.0
008 140311s1952 enk 001 0 eng d
035 _a(BD-RjUL)23655
040 _aDLC
_cCarP
_dDLC
_dBD-RjUL
_beng
041 _aeng
082 0 0 _a922.943
_bWAR 1952
100 1 _aWaley, Arthur.
_920012
245 1 4 _aThe real Tripitaka, and other pieces /
_cArthur Waley
260 _aLondon :
_bAllen and Unwin,
_c1952
300 _a291 p. ;
_c22 cm.
504 _aIncludes Index
600 0 0 _aXuanzang,
_dapproximately 596-664.
_972620
650 0 _aTales
_zChina.
_972621
942 _2ddc
_cBK
987 _aPINYIN
_bDLC
_c20020924
_dc
999 _c23590
_d23590